Evolución legislativa del régimen local en España 1812-1909. / (Record no. 1364)
[ view plain ]
| 000 -CABECERA | |
|---|---|
| campo de control de longitud fija | 00839cam a2200217 a 4500 |
| 001 - NÚMERO DE CONTROL | |
| campo de control | 000001452 |
| 005 - FECHA Y HORA DE LA ÚLTIMA TRANSACCIÓN | |
| campo de control | 20200929145601.0 |
| 008 - DATOS DE LONGITUD FIJA--INFORMACIÓN GENERAL | |
| campo de control de longitud fija | 090622s1910 sp 001 0 spa |
| 040 ## - FUENTE DE LA CATALOGACIÓN | |
| Centro catalogador/agencia de origen | DO-SdBNP |
| Lengua de catalogación | spa |
| Centro/agencia transcriptor | BNPHU |
| 082 ## - NÚMERO DE LA CLASIFICACIÓN DECIMAL DEWEY | |
| Número de clasificación | 352.4 |
| Número de documento/Ítem | P855e |
| 100 1# - ENTRADA PRINCIPAL--NOMBRE DE PERSONA | |
| Nombre de persona | Posada, Adolfo, |
| Fechas asociadas al nombre | 1860-1944. |
| 9 (RLIN) | 4820 |
| 245 10 - MENCIÓN DE TÍTULO | |
| Título | Evolución legislativa del régimen local en España 1812-1909. / |
| Mención de responsabilidad, etc. | Adolfo Posada. |
| 260 ## - PUBLICACIÓN, DISTRIBUCIÓN, ETC. | |
| Lugar de publicación, distribución, etc. | Madrid : |
| Nombre del editor, distribuidor, etc. | Librería General de Victoriano Suárez, |
| Fecha de publicación, distribución, etc. | 1910. |
| 300 ## - DESCRIPCIÓN FÍSICA | |
| Extensión | 513 p. ; |
| Dimensiones | 20 cm. |
| 490 1# - MENCIÓN DE SERIE | |
| Mención de serie | Biblioteca de Derecho y Ciencias Sociales |
| 504 ## - NOTA DE BIBLIOGRAFÍA, ETC. | |
| Nota de bibliografía, etc. | Incluye referencias bibliográficas y notas al pie de la páginas |
| 650 #4 - PUNTO DE ACCESO ADICIONAL DE MATERIA--TÉRMINO DE MATERIA | |
| Término de materia o nombre geográfico como elemento de entrada | Administración provincial |
| Subdivisión geográfica | España |
| 9 (RLIN) | 4821 |
| 650 #4 - PUNTO DE ACCESO ADICIONAL DE MATERIA--TÉRMINO DE MATERIA | |
| Término de materia o nombre geográfico como elemento de entrada | Derecho municipal |
| Subdivisión geográfica | España |
| 9 (RLIN) | 4822 |
| 650 #4 - PUNTO DE ACCESO ADICIONAL DE MATERIA--TÉRMINO DE MATERIA | |
| Término de materia o nombre geográfico como elemento de entrada | Ciencia política |
| Subdivisión geográfica | España |
| 9 (RLIN) | 4823 |
| 830 #0 - PUNTO DE ACCESO ADICIONAL DE SERIE-TÍTULO UNIFORME | |
| Título uniforme | Biblioteca de Derecho y Ciencias Sociales. |
| 9 (RLIN) | 4824 |
| Estado de retiro | Estado de pérdida | Restricciones de uso | No para préstamo | Código de colección | Localización permanente | Ubicación/localización actual | Ubicación en estantería | Fecha de adquisición | Número de inventario | Total de préstamos | Signatura topográfica completa | Código de barras | Fecha visto por última vez | Precio válido a partir de | Tipo de ítem Koha |
|---|---|---|---|---|---|---|---|---|---|---|---|---|---|---|---|
| Préstamo interno | Monografías: Libros y Folletos | General | General | En catalogación | 10.07.2009 | LF1 | 352.4 P855e | 1452-10 | 25.06.2020 | 25.06.2020 | Préstamo interno |
